| 000 | 00901nam a22001817a 4500 | ||
|---|---|---|---|
| 999 |
_c59631 _d59631 |
||
| 005 | 20230324112431.0 | ||
| 008 | 230324c2022 ge ||||| |||| 00| 0 geo d | ||
| 022 | _a2667-9876 | ||
| 041 | _ageo | ||
| 245 |
_aიუსტიცია = Iustitia / _cსაქართველოს იუსტიციის სამინისტრო ; რედაქტორი მინდია უგრეხელიძე. |
||
| 260 |
_aთბილისი : _b საქართველოს საკანონმდებლო მაცნე, _c2022. |
||
| 300 | _av. | ||
| 653 | _aიუსტიცია | ||
| 653 | _aპერიოდიკა | ||
| 700 |
_aუგრეხელიძე, მინდია _eრედაქტორი _917250 |
||
| 710 |
_aსაქართველოს იუსტიციის სამინისტრო. _917251 |
||
| 942 |
_2udc _cCR |
||